[Event "Guimaraes 2nd"]
[Site "Guimaraes"]
[Date "2018.10.04"]
[Round "1"]
[White "Mendes, Bruno Daniel"]
[Black "Rego, Pedro Filipe"]
[Result "0-1"]
[WhiteElo "1382"]
[BlackElo "2251"]
[PlyCount "68"]
[EventDate "2018.10.04"]
[EventType "swiss"]
[EventRounds "7"]
[EventCountry "POR"]
[SourceTitle "CBM 186 Extra"]
[Source "ChessBase"]
[SourceDate "2018.08.24"]
[SourceVersion "1"]
[SourceVersionDate "2018.08.24"]
[SourceQuality "1"]

1. e4 c5 2. Nf3 e6 3. Be2 Nc6 4. 0-0 Nf6 5. Nc3 Be7 6. d4 cxd4 7. Nxd4 Qc7 8. Nxc6 bxc6 9. Bf3 0-0 10. Re1 d5 11. b3 Rd8 12. exd5 cxd5 13. Na4 Bd7 14. Nb2 Rac8 15. c4 dxc4 16. Nxc4 Bb4 17. Bd2 Bb5 18. Rc1 Bxd2 19. Nxd2 Qxc1 20. Qxc1 Rxc1 21. Rxc1 Rxd2 22. g4 h6 23. Rc8+ Kh7 24. a4 Be2 25. Bxe2 Rxe2 26. h3 Rb2 27. Rb8 a5 28. Rb5 Nd5 29. Rxa5 Rxb3 30. Ra8 Rxh3 31. a5 Ra3 32. a6 Kg6 33. a7 Nc7 34. Rc8 Rxa7 0-1

[Event "POR-ch Amateur U1600"]
[Site "Braga"]
[Date "2018.09.08"]
[Round "3"]
[White "Fonseca, Pedro Miguel Ramos"]
[Black "Mendes, Bruno Daniel"]
[Result "1-0"]
[WhiteElo "1393"]
[BlackElo "1432"]
[PlyCount "118"]
[EventDate "2018.09.06"]
[EventType "swiss"]
[EventRounds "5"]
[EventCountry "POR"]
[SourceTitle "EXT 2024"]
[Source "ChessBase"]
[SourceDate "2023.10.10"]
[SourceVersion "1"]
[SourceVersionDate "2023.10.10"]
[SourceQuality "1"]

1. e4 e6 2. d4 d5 3. exd5 exd5 4. Nf3 Nc6 5. Bb5 Bd6 6. c4 dxc4 7. d5 a6 8. Ba4 b5 9. dxc6 bxa4 10. 0-0 Ne7 11. Qxa4 Be6 12. Nbd2 Bd5 13. Nxc4 Bxc6 14. Qb3 0-0 15. Rd1 Rb8 16. Qc3 Bxh2+ 17. Kxh2 Qxd1 18. Bh6 Nf5 19. Rxd1 Nxh6 20. Nfe5 Bb5 21. Na3 Rfc8 22. Nxb5 Rxb5 23. Qd4 Rxe5 24. f3 Ree8 25. Qc4 Nf5 26. Qxa6 c5 27. Rd7 Nd4 28. Qc4 Ne6 29. f4 Rb8 30. f5 Ng5 31. b3 Rb4 32. Qd3 Rbb8 33. Qg3 h6 34. Qd6 Ne4 35. Qd5 Ng5 36. Qxc5 Rbc8 37. Qd4 Rc2 38. Qd5 Ree2 39. Rd8+ Kh7 40. Qa8 Rxg2+ 41. Qxg2 Nf3+ 42. Kg3 Rxg2+ 43. Kxg2 Nh4+ 44. Kf2 Nxf5 45. a4 g5 46. a5 Ne7 47. a6 Nc6 48. b4 Nxb4 49. a7 Nc6 50. a8Q Nxd8 51. Qxd8 Kg6 52. Qg8+ Kf6 53. Qh7 Ke6 54. Qxh6+ Kf5 55. Kf3 f6 56. Qh5 Ke5 57. Qg6 Ke6 58. Ke4 g4 59. Qxg4+ f5+ 1-0

[Event "POR-ch Amateur U1600"]
[Site "Braga"]
[Date "2018.09.07"]
[Round "2"]
[White "Mendes, Bruno Daniel"]
[Black "Vieira, Pedro"]
[Result "0-1"]
[WhiteElo "1432"]
[BlackElo "1364"]
[PlyCount "168"]
[EventDate "2018.09.06"]
[EventType "swiss"]
[EventRounds "5"]
[EventCountry "POR"]
[SourceTitle "EXT 2024"]
[Source "ChessBase"]
[SourceDate "2023.10.10"]
[SourceVersion "1"]
[SourceVersionDate "2023.10.10"]
[SourceQuality "1"]

1. e4 c5 2. Nf3 Nc6 3. d4 cxd4 4. Nxd4 Nf6 5. Nc3 g6 6. Be3 Bg7 7. Nb3 0-0 8. Be2 d6 9. 0-0 Be6 10. f4 a5 11. f5 Bd7 12. a4 Rc8 13. g4 Nb4 14. Bd4 h6 15. h4 Bc6 16. Bf3 Qc7 17. Qe2 Rfe8 18. Qf2 Rf8 19. Bb6 Qb8 20. Bxa5 Na6 21. Rab1 Nd7 22. Nd5 Rfe8 23. Nb6 Nxb6 24. Bxb6 Bxa4 25. Bd4 Qc7 26. Bxg7 Bxb3 27. Bxh6 Qxc2 28. Qd4 Qc5 29. Be3 Qxd4 30. Bxd4 Nc5 31. Bxc5 Rxc5 32. Rbc1 Rec8 33. Rxc5 Rxc5 34. Kg2 Rc2+ 35. Rf2 Kg7 36. Rxc2 Bxc2 37. Kg3 b6 38. Kf4 gxf5 39. exf5 f6 40. Ke3 Kh6 41. Kd4 Bb3 42. Kc3 Bf7 43. Kb4 Be8 44. Kc4 Kg7 45. b4 b5+ 46. Kd5 Bd7 47. Be2 Kh6 48. Bd1 Kg7 49. Bb3 Kh6 50. Ke4 Bc6+ 51. Bd5 Be8 52. Ba8 Bf7 53. Bd5 Be8 54. Kf4 Kh7 55. g5 Kg7 56. g6 Bd7 57. h5 Be8 58. Ke4 Kh6 59. Kf4 Kg7 60. Be6 Kh6 61. Ke4 Kg7 62. Kd5 Kh6 63. Bf7 Bd7 64. Be6 Be8 65. Bf7 Bd7 66. Be8 Bxe8 67. Ke6 Bd7+ 68. Kd5 Be8 69. Ke6 Kg7 70. Kxe7 Bxg6 71. fxg6 d5 72. h6+ Kxg6 73. h7 Kxh7 74. Kxf6 d4 75. Ke5 d3 76. Kd4 d2 77. Kc5 d1Q 78. Kxb5 Kg6 79. Kc6 Qc2+ 80. Kd5 Qc7 81. b5 Kf5 82. Kd4 Qb6+ 83. Kc4 Ke4 84. Kb4 Kd4 0-1

[Event "Famalicao op 6th"]
[Site "Famalicao"]
[Date "2018.07.31"]
[Round "4"]
[White "Marques, Luis Filipe Ribeiro"]
[Black "Mendes, Bruno Daniel"]
[Result "1/2-1/2"]
[WhiteElo "1267"]
[BlackElo "1466"]
[PlyCount "91"]
[EventDate "2018.07.29"]
[EventType "swiss"]
[EventRounds "9"]
[EventCountry "POR"]
[SourceTitle "CBM 185 Extra"]
[Source "ChessBase"]
[SourceDate "2018.07.29"]
[SourceVersion "1"]
[SourceVersionDate "2018.07.29"]
[SourceQuality "1"]

1. e4 e6 2. Nf3 d5 3. exd5 exd5 4. d4 Nf6 5. Bg5 Be6 6. Bd3 Nbd7 7. 0-0 h6 8. Bh4 Bd6 9. Bg3 Qe7 10. Ne5 Ne4 11. Bxe4 dxe4 12. Nc3 0-0-0 13. Qe2 Bxe5 14. dxe5 Bf5 15. f4 exf3 16. Qxf3 Be6 17. a4 a6 18. Rad1 Nb6 19. Qe3 Qb4 20. b3 Nd5 21. Nxd5 Rxd5 22. Rxd5 Bxd5 23. Rd1 Qe4 24. Qf2 c5 25. Qxc5+ Bc6 26. Qf2 Rd8 27. Rxd8+ Kxd8 28. Qd2+ Qd5 29. Qxd5+ Bxd5 30. c4 Be6 31. Kf2 Kc7 32. Ke3 Kc6 33. Kd4 b5 34. axb5+ axb5 35. cxb5+ Kxb5 36. Bh4 Bxb3 37. Be7 g6 38. Ke4 Be6 39. Kf4 h5 40. Kg5 Kc4 41. Kf4 Kd3 42. h4 Bg4 43. g3 Ke2 44. Bf6 Kf2 45. Be7 Kg2 46. Bc5 1/2-1/2

[Event "Famalicao op 6th"]
[Site "Famalicao"]
[Date "2018.07.29"]
[Round "1"]
[White "Mendes, Bruno Daniel"]
[Black "Galego, Luis"]
[Result "0-1"]
[WhiteElo "1466"]
[BlackElo "2471"]
[PlyCount "82"]
[EventDate "2018.07.29"]
[EventType "swiss"]
[EventRounds "9"]
[EventCountry "POR"]
[SourceTitle "CBM 185 Extra"]
[Source "ChessBase"]
[SourceDate "2018.07.29"]
[SourceVersion "1"]
[SourceVersionDate "2018.07.29"]
[SourceQuality "1"]

1. e4 c5 2. Nf3 e6 3. d4 cxd4 4. Nxd4 a6 5. Bd3 Nf6 6. 0-0 Qc7 7. Nc3 Bc5 8. Nb3 Be7 9. Re1 d6 10. Bf4 Nc6 11. a3 0-0 12. Qe2 b5 13. Rad1 Ne5 14. Bxe5 dxe5 15. Kh1 Bb7 16. f4 exf4 17. e5 Nd5 18. Nxd5 Bxd5 19. Be4 Bxe4 20. Qxe4 Rad8 21. Nd4 Bc5 22. c3 Bxd4 23. Rxd4 Rxd4 24. Qxd4 Qc4 25. Re4 Qxd4 26. Rxd4 g5 27. h4 h6 28. Kh2 Kg7 29. h5 Rc8 30. Rd2 Rc5 31. Re2 Rd5 32. Kg1 f6 33. exf6+ Kxf6 34. Rf2 Rd1+ 35. Kh2 e5 36. Kh3 Kf5 37. g4+ Ke4 38. Kg2 Ke3 39. Rf3+ Ke2 40. Rf2+ Kd3 41. Kf3 e4+ 0-1

[Event "POR-ch U18"]
[Site "Luso"]
[Date "2018.03.25"]
[Round "2"]
[White "Martins, Jose Manuel Oliveir"]
[Black "Mendes, Bruno Daniel"]
[Result "1/2-1/2"]
[WhiteElo "1552"]
[BlackElo "1380"]
[PlyCount "96"]
[EventDate "2018.03.24"]
[EventType "swiss"]
[EventRounds "7"]
[EventCountry "POR"]
[SourceTitle "EXT 2019"]
[Source "ChessBase"]
[SourceDate "2018.10.10"]
[SourceVersion "1"]
[SourceVersionDate "2018.10.10"]
[SourceQuality "1"]

1. e4 e6 2. d4 d5 3. exd5 exd5 4. Nf3 Nc6 5. Bd3 Bd6 6. 0-0 Nge7 7. c3 0-0 8. Qc2 Ng6 9. Be3 Nce7 10. Nbd2 h6 11. Rfe1 Be6 12. h3 Qd7 13. h4 Bf5 14. h5 Bxd3 15. Qxd3 Nf4 16. Bxf4 Bxf4 17. Ne5 Qd6 18. Ndf3 Bxe5 19. Nxe5 Nc6 20. Re2 Nxe5 21. Rxe5 Rfe8 22. Rae1 Qc6 23. Qf3 f6 24. Rxe8+ Rxe8 25. Rxe8+ Qxe8 26. Qxd5+ Kf8 27. Qxb7 Qe1+ 28. Kh2 Qxf2 29. Qc8+ Ke7 30. Qxc7+ Ke6 31. Qc6+ Ke7 32. Qc7+ Ke6 33. Qc8+ Ke7 34. Qc7+ Ke6 35. Qc6+ Ke7 36. Qc7+ Ke6 37. d5+ Kxd5 38. Qd7+ Ke5 39. Qe8+ Kd6 40. Qd8+ Ke6 41. Qe8+ Kd6 42. Qd8+ Ke6 43. Qg8+ Kd6 44. Qb8+ Ke6 45. Qb3+ Ke7 46. Qb4+ Ke6 47. Qg4+ Kf7 48. Qg6+ Kg8 1/2-1/2

[Event "POR-ch U18"]
[Site "Luso"]
[Date "2018.03.25"]
[Round "3"]
[White "Mendes, Bruno Daniel"]
[Black "Sa, Luis Afonso"]
[Result "1/2-1/2"]
[WhiteElo "1380"]
[BlackElo "1531"]
[PlyCount "84"]
[EventDate "2018.03.24"]
[EventType "swiss"]
[EventRounds "7"]
[EventCountry "POR"]
[SourceTitle "EXT 2019"]
[Source "ChessBase"]
[SourceDate "2018.10.10"]
[SourceVersion "1"]
[SourceVersionDate "2018.10.10"]
[SourceQuality "1"]

1. e4 c5 2. Nf3 Nc6 3. d4 cxd4 4. Nxd4 g6 5. Be3 Bg7 6. Nc3 Nf6 7. Nb3 0-0 8. Be2 d6 9. 0-0 Bd7 10. f4 Rc8 11. Bf3 a6 12. Rf2 b5 13. g4 Na5 14. g5 Ne8 15. Nxa5 Qxa5 16. Nd5 Qd8 17. Bb6 Nc7 18. Bxc7 Rxc7 19. Nxc7 Qxc7 20. c3 Qa7 21. Kg2 Bh3+ 22. Kg3 e5 23. Rd2 Qd7 24. Bg4 Bxg4 25. Qxg4 exf4+ 26. Kh3 Qxg4+ 27. Kxg4 Be5 28. Kf3 f6 29. h4 Kg7 30. a4 Rf7 31. axb5 axb5 32. Ra5 Rb7 33. Rc2 h6 34. gxf6+ Kxf6 35. b4 g5 36. h5 g4+ 37. Kxg4 Rg7+ 38. Kh4 Rg1 39. Rxb5 Rh1+ 40. Kg4 Rg1+ 41. Kh4 Rh1+ 42. Kg4 Rg1+ 1/2-1/2

[Event "Famalicao op 4th"]
[Site "Famalicao"]
[Date "2016.08.05"]
[Round "7"]
[White "Mendes, Antonio"]
[Black "Mendes, Bruno Daniel"]
[Result "1/2-1/2"]
[WhiteElo "1510"]
[BlackElo "1265"]
[PlyCount "96"]
[EventDate "2016.07.30"]
[EventType "swiss"]
[EventRounds "7"]
[EventCountry "POR"]
[SourceTitle "CBM 173 Extra"]
[Source "ChessBase"]
[SourceDate "2016.08.29"]
[SourceVersion "1"]
[SourceVersionDate "2016.08.29"]
[SourceQuality "1"]

1. d4 d5 2. Nf3 Nf6 3. g3 Bf5 4. Bg2 e6 5. 0-0 c5 6. c3 Nc6 7. Nbd2 Be7 8. Nh4 Bg6 9. Nxg6 hxg6 10. Nf3 0-0 11. Bg5 c4 12. Re1 Qb6 13. Qc2 Rfe8 14. Nd2 Nd7 15. Bxe7 Rxe7 16. e4 Nf6 17. e5 Nd7 18. Nf3 Qa5 19. a4 Rc8 20. Ng5 Ncb8 21. h4 Rc6 22. Bf3 Nf8 23. Kg2 Nbd7 24. Rh1 f6 25. exf6 gxf6 26. Nh3 Rg7 27. Nf4 Kf7 28. h5 g5 29. Ng6 Qd8 30. Nxf8 Nxf8 31. h6 Rh7 32. Bh5+ Ke7 33. Bg6 Nxg6 34. Qxg6 Qh8 35. Rh2 Rc8 36. Rah1 Rg8 37. Qc2 Kf7 38. b3 Rg6 39. bxc4 dxc4 40. Qe2 Qa8 41. f3 Qc8 42. Qe4 Qd7 43. Qb1 b6 44. Qb4 Qc6 45. Qb5 Qd5 46. Qa6 Kg8 47. Qc8+ Kf7 48. Qc7+ Kg8 1/2-1/2

[Event "Famalicao op 4th"]
[Site "Famalicao"]
[Date "2016.07.30"]
[Round "1"]
[White "Padeiro, Jose Joao Tato"]
[Black "Mendes, Bruno Daniel"]
[Result "1-0"]
[WhiteElo "2307"]
[BlackElo "1265"]
[PlyCount "43"]
[EventDate "2016.07.30"]
[EventType "swiss"]
[EventRounds "7"]
[EventCountry "POR"]
[SourceTitle "CBM 173 Extra"]
[Source "ChessBase"]
[SourceDate "2016.08.29"]
[SourceVersion "1"]
[SourceVersionDate "2016.08.29"]
[SourceQuality "1"]

1. d4 d5 2. c4 c6 3. Nc3 Nf6 4. Bg5 e6 5. e3 Nbd7 6. Nf3 Be7 7. Bd3 dxc4 8. Bxc4 0-0 9. 0-0 a6 10. a4 Qc7 11. Bf4 Bd6 12. Bxd6 Qxd6 13. e4 Qb4 14. Qe2 Rd8 15. e5 Nd5 16. Nxd5 cxd5 17. Bd3 Nb6 18. Bxh7+ Kxh7 19. Ng5+ Kg6 20. Qg4 Rg8 21. Nxe6+ Kh6 22. Qg5+ 1-0

[Event "Famalicao op 3rd"]
[Site "Famalicao"]
[Date "2015.08.03"]
[Round "3"]
[White "Mendes, Bruno Daniel"]
[Black "Andrade, Ricardo Sarmento"]
[Result "0-1"]
[WhiteElo "1214"]
[BlackElo "1689"]
[PlyCount "142"]
[EventDate "2015.08.02"]
[EventType "swiss"]
[EventRounds "7"]
[EventCountry "POR"]
[SourceTitle "CBM 167 Extra"]
[Source "ChessBase"]
[SourceDate "2015.09.14"]
[SourceVersion "1"]
[SourceVersionDate "2015.09.14"]
[SourceQuality "1"]

1. e4 c5 2. Nf3 Nc6 3. d4 cxd4 4. Nxd4 e5 5. Nxc6 bxc6 6. Bc4 Ba6 7. Bb3 Nf6 8. Nc3 Bb4 9. Qf3 d5 10. Bg5 d4 11. 0-0-0 Qe7 12. Bxf6 Qxf6 13. Qxf6 gxf6 14. Na4 Rg8 15. g3 Be2 16. c3 Bxd1 17. Rxd1 dxc3 18. bxc3 Ba3+ 19. Kc2 Ke7 20. c4 Rad8 21. Rxd8 Rxd8 22. c5 Bb4 23. Nc3 Bxc5 24. f3 Be3 25. Nb1 h5 26. h3 Rg8 27. g4 hxg4 28. hxg4 Rh8 29. Kd3 Bb6 30. Nd2 Rh2 31. Nc4 Rh3 32. Nd2 Rh8 33. Nc4 Rd8+ 34. Ke2 Kf8 35. Nd2 Kg7 36. a4 Rh8 37. Kd3 Rh2 38. Nc4 Rf2 39. Bd1 Bc5 40. Be2 Bb4 41. Bd1 a5 42. Be2 Kh6 43. Bd1 Kg5 44. Be2 Kf4 45. Bd1 Rxf3+ 46. Bxf3 Kxf3 47. Ne3 Be1 48. Nf5 Kxg4 49. Nh6+ Kf4 50. Nxf7 f5 51. Nd6 fxe4+ 52. Nxe4 Bb4 53. Nf2 c5 54. Kc4 e4 55. Kd5 e3 56. Nd3+ Kf3 57. Ne5+ Kg2 58. Nd3 e2 59. Kc4 Kf1 60. Kb3 e1Q 61. Nxe1 Kxe1 62. Kc2 Ke2 63. Kb3 Kd3 64. Kb2 c4 65. Kb1 c3 66. Kc1 c2 67. Kb2 Bd2 68. Kb3 c1Q 69. Ka2 Qc4+ 70. Ka1 Bc3+ 71. Kb1 Qb3+ 0-1